Notas para una monografía del género Trichillum Harold, 1868 (Registro nro. 13337)

Detalles MARC
000 -CABECERA
Campo de control 003950000a22001210004500
090 ## - CLASIFICACIÓN LOCAL
Colección AR
Consecutivo 04240
041 0# - IDIOMA
Código de idioma para texto/pista de sonido o título separado
100 1# - ASIENTO PRINCIPAL--NOMBRE PERSONAL
Nombre personal Martínez, Antonio
245 10 - MENCION DE TITULO
Título Notas para una monografía del género Trichillum Harold, 1868
500 ## - NOTA GENERAL
Nota general <Literatura de escarabajos coprófagos>
773 1# - Item fuente:
Título Revista de la Sociedad Mexicana de Historia Natural
Paginas del Articulo 119-147
Lugar, editorial y fecha de publicación 1967
Información sobre la relación 28
942 ## - ELEMENTOS ADICIONALES (KOHA)
Tipo de ítem Artículo
Existencias
Withdrawn status Lost status Damaged status No para préstamo Colección Ubicación Permanente Ubicación actual Fecha de adquisición Fuente de Valor Datos de publicación Seriada Total Checkouts Número topográfico Inventario / Código de Barras Date last seen Ejemplar Price effective from Forma de adquisición Tipo de material
      No para Préstamo Hemeroteca Bogotá Bogotá 15/11/2006 Trujillo, Diego Fuera de circulación   AR 04240 023681 25/03/2015 1 25/03/2015   Artículo